Indo-Soviet relations (Record no. 32192)

MARC details
000 -LEADER
fixed length control field 00272nam a2200109Ia 4500
082 ## - DEWEY DECIMAL CLASSIFICATION NUMBER
Classification number 327(540)(47)
Item number JAG
100 ## - MAIN ENTRY--AUTHOR NAME
Personal name Jagjit singh Anand
245 #0 - TITLE STATEMENT
Title Indo-Soviet relations
260 ## - PUBLICATION, DISTRIBUTION, ETC. (IMPRINT)
Place of publication Delhi
Name of publisher Sterling
Year of publication 1979
942 ## - ADDED ENTRY ELEMENTS (KOHA)
Koha item type Books
Holdings
Withdrawn status Lost status Damaged status Not for loan Home library Current library Date acquired Cost, normal purchase price Full call number Accession Number Koha item type
        RRII Library RRII Library 16/12/2021 25.00 327(540)(47) JAG 12714 Books